| 000 | 00399nam a2200145Ia 4500 | ||
|---|---|---|---|
| 008 | 190423s9999 xx 000 0 und d | ||
| 100 | _aHerold, Don | ||
| 245 | _aIf I could go to school again/ | ||
| 245 | _cDon Herold | ||
| 260 | _bReader's Digest Asia | ||
| 260 | _c2019 | ||
| 300 | _aPages 60-63, January 2019 | ||
| 440 |
_aAsia Reader's Digest: Classic Reads _v115:671 |
||
| 650 | _aEducation | ||
| 999 |
_c361490 _d361490 |
||